| 000 | 01118nam a2200253Ia 4500 | ||
|---|---|---|---|
| 003 | OSt | ||
| 005 | 20220923211406.0 | ||
| 006 | a|||||r|||| 00| 0 | ||
| 007 | ta | ||
| 008 | 220922b |||||||| |||| 00| 0 hin d | ||
| 020 |
_a9788189859961 (hbk) _c480 |
||
| 024 | _a246,035 | ||
| 037 |
_bIN-01144, 16/02/2011, Kitab Ghar Prakashan _cTextual |
||
| 040 |
_aARTS _cARTS _bhin |
||
| 041 |
_2hin _ahin |
||
| 082 | _aP:795, 152L2 | ||
| 100 |
_aतिवारी, भोलानाथ; नौटियाल, जयन्तीप्रसाद, संपा. _9160363 |
||
| 245 | 0 |
_aअनुवाद विज्ञान _b सिद्धांत एवं प्रविधि |
|
| 246 | _aAnuvād vijnyāna: siddhāanta evan pravidhi | ||
| 260 |
_aनयी दिल्ली _b किताबघर प्रकाशन _c1972 |
||
| 300 |
_a378पृ. _ccm. |
||
| 942 |
_hP:795, 152L2 _cTEXL _2CC |
||
| 999 |
_c299030 _d299030 |
||